00862cam a2200241 a 4500999001500000001000600015003000900021005001700030008004100047020001800088040003800106082002000144100002200164245008700186250001200273260007000285300002900355504005100384650003200435650002300467942001200490952011800502 c4002d400215417BD-DhUAP20200316122214.0200301s1998 bg abf b f000 0 eng  a9788130915111 aBD-DhUAPcBD-DhUAPdBD-DhUAPbEng a808.042 MCL223 aMcLaren, Stephen. aEssay writing made easy :byour essential aid for exam success /cStephen McLaren. a2nd ed. aNew Delhi :bViva Books Private Limited,cc2003 [Reprinted 2010]. axiv, 153 pages ;c23 cm. aIncludes bibliographical references and index. aEnglish languagevRhetoric  aEssayvAuthorship. 2ddccBK 00102ddc4070aUAPCLbUAPCLcGeneral Stacksd2020-03-16o808.042 MCLp3010015417r2020-03-16t1w2020-03-16yBK